| 000 | 01002nam a2200289 4500 | ||
|---|---|---|---|
| 003 | DO-SdBPM | ||
| 005 | 20250804125935.0 | ||
| 007 | ta | ||
| 008 | 160914b 1994 sp |||| |||| 00| 0 spa d | ||
| 020 | _a8420681482 | ||
| 040 |
_aDO-SdBPM _bspa _cBPMSU _erda |
||
| 050 | _b | ||
| 082 | 4 |
_a330.946 _bT699d 1994 _222 |
|
| 100 | 1 |
_aTortella, Gabriel. _eautor |
|
| 245 | 1 | 3 |
_aEl desarrollo de la España contemporánea : _bhistoria económica de los siglos XIX y XX / _cGabriel Tortella. _h |
| 264 |
_aMadrid : _bEditorial Alianza, _c1994 |
||
| 300 |
_axxviii, 429 páginas : _b ilustraciones, gráficos _c23 cm. |
||
| 336 |
_atexto _btxt _2rdacontent |
||
| 337 |
_asin mediación _bn _2rdamedia |
||
| 338 |
_avolumen _bnc _2rdacarrier |
||
| 490 | 0 |
_aAlianza universidad textos, _v148 |
|
| 500 | _aIncluye bibliografía e índice. | ||
| 590 | _aInventariado, 2025/VM | ||
| 650 | 7 |
_aHistoria económica _ySiglos XIX-XX _zEspaña |
|
| 910 | _aVMateo V. Control de calidad. BPMSU | ||
| 942 |
_2ddc _cBK |
||
| 999 |
_c11361 _d11361 |
||